Hidrólisis enzimática de un material lignocelulósico para obtener azúcares fermentables

Guardado en:
書目詳細資料
主要作者: Fernández Quesada, Sharon
格式: 圖書
出版: San José, Costa Rica 2009
主題:
標簽: 添加標簽
沒有標簽, 成為第一個標記此記錄!

MARC

LEADER 00000nam a2200000Ia 4500
003 001511
005 20221231144043.0
008 140114s2009 cr a 000 ||s d
040 |c cru CEDI  
090 |a TFG 6026 
100 |a Fernández Quesada, Sharon   |9 3428 
245 |a Hidrólisis enzimática de un material lignocelulósico para obtener azúcares fermentables 
260 |c 2009  |b San José, Costa Rica 
300 |a 90 hojas; ilustraciones (algunas a color) 
500 |a Tesis (licenciatura en ingeniería química)--Universidad de Costa Rica. Facultad de Ingeniería. Escuela de Ingeniería Química 
650 |x AZUCARES   |x  PRODUCCION  |x HIDROLISIS ENZIMATICA   |x  INVESTIGACIONES  |9 3429 
942 |c TFG 
999 |c 16202  |d 16202